<?xml version="1.0" encoding="UTF-8"?>
<record
    xmlns:xsi="http://www.w3.org/2001/XMLSchema-instance"
    xsi:schemaLocation="http://www.loc.gov/MARC21/slim http://www.loc.gov/standards/marcxml/schema/MARC21slim.xsd"
    xmlns="http://www.loc.gov/MARC21/slim">

  <leader>01411cam a2200289 a 4500</leader>
  <controlfield tag="001">000013464</controlfield>
  <controlfield tag="003">DO-SdBNP</controlfield>
  <controlfield tag="005">20250617124246.0</controlfield>
  <controlfield tag="008">950222s1994    ve       b    001 0 spa d</controlfield>
  <datafield tag="020" ind1=" " ind2=" ">
    <subfield code="a">9803170635</subfield>
  </datafield>
  <datafield tag="040" ind1=" " ind2=" ">
    <subfield code="a">DO-SdBNP</subfield>
    <subfield code="b">spa</subfield>
    <subfield code="c">NcD</subfield>
    <subfield code="d">BNPHU</subfield>
  </datafield>
  <datafield tag="049" ind1=" " ind2=" ">
    <subfield code="a">BNGR</subfield>
  </datafield>
  <datafield tag="082" ind1=" " ind2=" ">
    <subfield code="a">327.7291</subfield>
    <subfield code="b">C277c</subfield>
  </datafield>
  <datafield tag="245" ind1="0" ind2="3">
    <subfield code="a">El Caribe y Cuba en la posguerra fr&#xED;a /</subfield>
    <subfield code="c">Andr&#xE9;s Serbin, Joseph Tulchin (compiladores) ; edici&#xF3;n Helena Gonz&#xE1;lez.</subfield>
  </datafield>
  <datafield tag="260" ind1=" " ind2=" ">
    <subfield code="a">Caracas, (Venezuela) :</subfield>
    <subfield code="b">Instituto Venezolano de Estudios Sociales y Pol&#xED;ticos (INVESP) :</subfield>
    <subfield code="b">Nueva Sociedad,</subfield>
    <subfield code="c">1994.</subfield>
  </datafield>
  <datafield tag="300" ind1=" " ind2=" ">
    <subfield code="a">272 p. ;</subfield>
    <subfield code="c">23 cm.</subfield>
  </datafield>
  <datafield tag="504" ind1=" " ind2=" ">
    <subfield code="a">Incluye referencias bibliogr&#xE1;ficas.</subfield>
  </datafield>
  <datafield tag="520" ind1="1" ind2=" ">
    <subfield code="a">Estudio m&#xE1;s completo disponible incluye una amplia cobertura de las relaciones cubano-Caribe desde diferentes perspectivas. Rangos de las cuestiones de la transici&#xF3;n del r&#xE9;gimen en el &#xE1;mbito de la migraci&#xF3;n. Los expertos en el campo contribuy&#xF3; cap&#xED;tulos" - Handbook of Latin American Studies, v. 57.</subfield>
    <subfield code="u">http://www.loc.gov/hlas/</subfield>
  </datafield>
  <datafield tag="650" ind1=" " ind2="4">
    <subfield code="a">Cooperaci&#xF3;n econ&#xF3;mica</subfield>
    <subfield code="z">Cuba</subfield>
    <subfield code="9">30755</subfield>
  </datafield>
  <datafield tag="650" ind1=" " ind2="4">
    <subfield code="a">Cooperaci&#xF3;n econ&#xF3;mica</subfield>
    <subfield code="z">Caribe (Regi&#xF3;n)</subfield>
    <subfield code="9">30756</subfield>
  </datafield>
  <datafield tag="651" ind1=" " ind2="4">
    <subfield code="a">Caribe, Regi&#xF3;n </subfield>
    <subfield code="x">Relaciones econ&#xF3;micas exteriores</subfield>
    <subfield code="z">Cuba</subfield>
    <subfield code="9">30757</subfield>
  </datafield>
  <datafield tag="700" ind1="1" ind2=" ">
    <subfield code="a">Serbin, Andr&#xE9;s.</subfield>
    <subfield code="e">comp.</subfield>
    <subfield code="9">30573</subfield>
  </datafield>
  <datafield tag="700" ind1="1" ind2=" ">
    <subfield code="a">Tulchin, Joseph S.,</subfield>
    <subfield code="e">comp.</subfield>
    <subfield code="9">30758</subfield>
  </datafield>
  <datafield tag="700" ind1="1" ind2=" ">
    <subfield code="a">Gonz&#xE1;lez, Helena</subfield>
    <subfield code="e">ed.</subfield>
    <subfield code="9">19692</subfield>
  </datafield>
  <datafield tag="910" ind1=" " ind2=" ">
    <subfield code="a">Catalogaci&#xF3;n por copia/LC</subfield>
  </datafield>
  <datafield tag="942" ind1=" " ind2=" ">
    <subfield code="2">ddc</subfield>
    <subfield code="c">LBS1</subfield>
  </datafield>
  <datafield tag="952" ind1=" " ind2=" ">
    <subfield code="0">0</subfield>
    <subfield code="1">0</subfield>
    <subfield code="5">2</subfield>
    <subfield code="7">0</subfield>
    <subfield code="8">MO</subfield>
    <subfield code="a">GR</subfield>
    <subfield code="b">GR</subfield>
    <subfield code="c">CT</subfield>
    <subfield code="d">2009-11-24</subfield>
    <subfield code="i">LF1</subfield>
    <subfield code="l">0</subfield>
    <subfield code="o">327.7291 C277c</subfield>
    <subfield code="p">13464-10</subfield>
    <subfield code="r">2020-06-25</subfield>
    <subfield code="w">2020-06-25</subfield>
    <subfield code="y">2</subfield>
    <subfield code="Z">Pr&#xE9;stamo interno</subfield>
  </datafield>
  <datafield tag="999" ind1=" " ind2=" ">
    <subfield code="c">13088</subfield>
    <subfield code="d">13088</subfield>
  </datafield>
</record>
